AH International Schools' Libraries

The wild leaf ride / (Record no. 50237)

MARC details
000 -LEADER
fixed length control field 00350nam a2200121 4500
020 ## - INTERNATIONAL STANDARD BOOK NUMBER
International Standard Book Number 9780439569880
100 ## - MAIN ENTRY--PERSONAL NAME
Personal name Stamper, Judith
9 (RLIN) 87274
245 ## - TITLE STATEMENT
Title The wild leaf ride /
Statement of responsibility, etc Judith Stamper & Carolyn Bracken
260 ## - PUBLICATION, DISTRIBUTION, ETC. (IMPRINT)
Place of publication, distribution, etc New York
Name of publisher, distributor, etc Scholastic Inc.
Date of publication, distribution, etc 2003
300 ## - PHYSICAL DESCRIPTION
Extent unpaged.
Other physical details col. ill.
Dimensions 23 cm.
490 ## - SERIES STATEMENT
Series statement The Magic School Bus
942 ## - ADDED ENTRY ELEMENTS (KOHA)
Source of classification or shelving scheme
Koha item type Book
Holdings
Withdrawn status Lost status Source of classification or shelving scheme Damaged status Not for loan Collection code Home library Current library Shelving location Date acquired Total Checkouts Full call number Barcode Date last seen Price effective from Koha item type
          Non-Fiction Asian Hope Early Years Library Asian Hope Early Years Library Easy Reading 03/09/2026   X 575.5 STA 207256 03/09/2026 03/09/2026 Book

For any Logos Library related questions please contact Miss Art at swongnarasuk@asianhope.org.

For any Asian Hope Library related questions please contact Miss Raza at graza@asianhope.org.

Powered by Koha